Consideraciones sobre la Historia de Francia / (Record no. 129584)

MARC details
000 -LEADER
campo de control de longitud fija 00806nam a2200217 i 4500
001 - NÚMERO DE CONTROL
campo de control 129584
003 - IDENTIFICADOR DE NÚMERO DE CONTROL
campo de control ES-MaACL
005 - FECHA Y HORA DE LA ÚLTIMA TRANSACCIÓN
campo de control 20250815021752.0
007 - CAMPO FIJO DE DESCRIPCIÓN FÍSICA--INFORMACIÓN GENERAL
campo de control de longitud fija t|
008 - DATOS DE LONGITUD FIJA--INFORMACIÓN GENERAL
campo de control de longitud fija 070626s1944 ag ||||1| spa d
100 1# - ENTRADA PRINCIPAL--NOMBRE DE PERSONA
Nombre de persona Thierry, Augustin,
Fechas asociadas al nombre 1795-1856
9 (RLIN) 133216
245 10 - MENCIÓN DEL TÍTULO
Título Consideraciones sobre la Historia de Francia /
Mención de responsabilidad, etc. Agustin Thierry ; con un estudio preliminar de José Luis Romero ; traducción por Nélida Orfila.
260 ## - PUBLICACIÓN, DISTRIBUCIÓN, ETC.
Lugar de publicación, distribución, etc. Buenos Aires :
Nombre del editor, distribuidor, etc. Nova,
Fecha de publicación, distribución, etc. [1944]
300 ## - DESCRIPCIÓN FÍSICA
Extensión 218 p. ;
Dimensiones 20 cm.
490 1# - MENCIÓN DE SERIE
Mención de serie Biblioteca Histórica. Los historiadores ilustres
700 1# - ENTRADA AGREGADA--NOMBRE PERSONAL
Nombre de persona Romero, José Luis.
9 (RLIN) 99332
700 1# - ENTRADA AGREGADA--NOMBRE PERSONAL
Nombre de persona Orfila, Nélida.
9 (RLIN) 87241
830 00 - PUNTO DE ACCESO ADICIONAL DE SERIE-TÍTULO UNIFORME
Título uniforme Biblioteca histórica.
Nombre de parte o sección de la obra Los historiadores ilustres
9 (RLIN) 219353
852 ## - LOCALIZACIÓN
Ubicación ES-MaACL
Número de control de estantería D-6318
Sublocalización o colección R.30422
Holdings
Estatus retirado Estado de pérdida Estado de daño No para préstamo Biblioteca de origen Biblioteca actual Ubicación en estantería Fecha de adquisición Fuente de adquisición Total de préstamos Signatura topográfica completa Código de barras Visto por última vez Precio de reemplazo Tipo de ítem Koha
        Biblioteca del Ateneo de Madrid Biblioteca del Ateneo de Madrid Sala Valle Inclán 17/01/2008     D-6318 901134938 23/02/2023 23/02/2023 Libro impreso